000 00714nam a2200229 4500
003 OSt
005 20240701010838.0
006 a
008 240701b |||||||| |||| 00| 0 eng d
020 _a9780470935729
040 _aDWCL-Main lib.
_cOC
082 _aCirc. 657 S844w 2011
100 _aStevens, Kevin
245 _aWiley CPA examination review: focus notes : regulations /
260 _aN. J. :
_bJohn Wiley & Sons, Inc.,
_cc2011.
300 _aix,
_b277 p. ;
_c22 cm.
504 _aIncludes index.
650 _a1. Accounting-United States-Examinations, questions, etc.
650 _a2. Accounting-Examinations-Study guides.
650 _a3. Includes index.
942 _2ddc
_n0
_cBK-CIRC
_kCirc.
999 _c1662
_d1662